Auditoría Ciudadana sobre la calidad de la democracia: propuesta para su ejecución en Costa Rica /

Bewaard in:
Bibliografische gegevens
Hoofdauteur: Gutiérrez Saxe, Miguel
Andere auteurs: Vargas Cullell, Jorge Luis
Formaat: Onbekend
Gepubliceerd in: San José: Proyecto Estado de la Nación
Onderwerpen:
Tags: Voeg label toe
Geen labels, Wees de eerste die dit record labelt!

MARC

LEADER 00000 a2200000 04500
001 11584
003
008 991231s d
040
090 |a 140104  
100 1 |a Gutiérrez Saxe, Miguel 
245 |a Auditoría Ciudadana sobre la calidad de la democracia: propuesta para su ejecución en Costa Rica /  |c Miguel Gutiérrez Saxe 
260 |a San José:   |b Proyecto Estado de la Nación  
650 |a DEMOCRACIA  
650 |a INDICADORES  
650 |a METODOLOGIA  
650 |a INVESTIGACION  
650 |a CIENCIAS POLITICAS  
650 |a ENCUESTAS  
650 |a SOCIEDAD CIVIL  
700 |a Vargas Cullell, Jorge Luis  
999 |c 11671  |d 11671